Memoria

Guardado en:
書目詳細資料
企業作者: CSUCA
格式: Texto
出版: San José: CSUCA
標簽: 添加標簽
沒有標簽, 成為第一個標記此記錄!

MARC

LEADER 00000 a a2200000 04500
001 25624
003
040
020 |a 9977-02-018-3  
090 |a 175207  
110 |a CSUCA  
245 |a Memoria  
260 |a San José:   |b CSUCA  
300 |a 252 p   |b fonodiscos   |b escudos de armas  
999 |c 3084  |d 3084